The Goldseekers
Сохранить в:
| Главный автор: | |
|---|---|
| Формат: | |
| Язык: | English |
| Опубликовано: |
New York, Estados Unidos
Doubleday & Company
1962
|
| Предметы: | |
| Метки: |
Добавить метку
Нет меток, Требуется 1-ая метка записи!
|
MARC
| LEADER | 00000nam a2200000Ia 4500 | ||
|---|---|---|---|
| 008 | 170316s9999 xx 000 0 eng d | ||
| 999 | |c 28724 |d 28724 | ||
| 040 | |a cru BVZT | ||
| 090 | |a F-810 B-30g | ||
| 100 | |a Burnett, W. R. | ||
| 245 | 4 | |a The Goldseekers | |
| 260 | |a New York, Estados Unidos | ||
| 260 | |b Doubleday & Company | ||
| 260 | |c 1962 | ||
| 300 | |a 283 páginas | ||
| 650 | |a LITERATURA ESTADOUNIDENSE |9 25 | ||
| 650 | |a HISTORIAS DE BUSCADORES DE ORO | ||
| 650 | |a EN IDIOMA INGLÉS |9 129 | ||
| 650 | |a FICCIÓN |9 26 | ||
| 942 | |c 15 D |h F-810 B-30g |2 z | ||
